| 000 | 00450cam a2200169ua 4500 | ||
|---|---|---|---|
| 003 | OSt | ||
| 008 | 241223b |||||||| |||| 00| 0 eng d | ||
| 041 | _aeng | ||
| 082 |
_a621.3133 _bLIW/DC |
||
| 100 |
_aLiwschitz Garik, Michael . _96562 |
||
| 245 | _aDC and AC machines: based on fundamental laws / | ||
| 250 | _a1 / | ||
| 260 |
_aToronto : _bD Van nostrand co , _c1968. |
||
| 300 | _a507 ; . | ||
| 700 | 1 |
_aWell, Robert T . _96563 |
|
| 942 | _cBK | ||
| 999 |
_c5562 _d5562 |
||